000 00445nam a2200181Ia 4500
001 22501
005 20260414150835.0
008 260414t2013||||xx |||||||||||||| ||spa||
041 _aESP
082 _a621.382
_bB24
100 _aBarker, Keith
_eAUT
245 0 _aCCNA-Security 640-554 :
_bofficial cert guide
260 _c2013
300 _axxxii, 647 páginas :
_c23 cm.
650 _aTCA
654 _aCET
942 _cLIB
_dJUS
_fJUS
_2ddc
_n
999 _c22501
_d22501